Qui sont ces médaillés aux Jeux Olympiques 2024 ?-Escrime & Equitation - Statistiques

Statistiques générales
  • Ce quiz a été pris 36 fois
  • Le résultat moyen est 6 sur 20
Statistiques - réponses
Par images Hint Réponse % Correct
France - Escrime Manon Apithy Brunet
84%
France - Escrime Sara Balzer
84%
France - Escrime Yannik Borel
65%
France - Escrime Auriane Mallo Breton
52%
États Unis - Escrime Lee Kiefer
35%
Japon - Escrime Kano Koki
29%
Corée du Sud - Escrime Oh Sanguk
29%
Ukraine - Escrime Olga Kharlan
29%
Italie - Escrime Filippo Macchi
23%
Allemagne - Équitation Isabell Werth
19%
Italie - Escrime Luigi Samele
19%
Suisse - Équitation Steve Guerdat
19%
Hong Kong - Escrime Kong Man Wai Vivian
16%
États Unis - Escrime Lauren Scruggs
16%
Hongrie - Escrime Aron Szilagyi
13%
Royaume Uni - Équitation Charlotte Fry
10%
Royaume Uni - Équitation Laura Collett
10%
Allemagne - Équitation Michael Jung
10%
Australie - Équitation Christopher Burton
6%
Allemagne - Équitation Jessica Von Bredow-Werndl
6%
Aucun quiz correspondant
Distribution des résultats
% des personnes avec chaque résultat
Percentile par nombre de réponses
Votre historique - résultats
Vous n’avez pas pris ce quiz